000 00452 a2200181 4500
001 138851
020 _a9788574064772
040 _cLeonardo Da Vinci
041 _aPortuguês
082 _a028.5 S155q
_bS155q
100 _aSALERNO, Silvana
245 _aViagem pelo Brasil qual é o seu Norte?
260 _bCompanhia das Letrinhas
_c2012
_aSão Paulo
300 _a80
362 _a20120000
500 _aBiblioteca Alphaville 2
942 _cBK
999 _c138851
_d138851